Pays les plus visités sur Google Street View - Statistiques

Statistiques générales
  • Ce quiz a été pris 402 fois
  • Le résultat moyen est 8 sur 10
Statistiques - réponses
Continent Pays % Correct
Europe France
99%
Amérique du Nord États-Unis
98%
Asie Japon
96%
Europe Espagne
94%
Amérique du Nord Mexique
93%
Amérique du Sud Brésil
91%
Europe Italie
89%
Europe Royaume-Uni
86%
Asie Indonésie
63%
Asie Taïwan
27%
Aucun quiz correspondant
Distribution des résultats
% des personnes avec chaque résultat
Percentile par nombre de réponses
Votre historique - résultats
Vous n’avez pas pris ce quiz